[Event "XII Americas Continental-ch 2017"]
[Site "Medellin"]
[Date "2017.06.15"]
[Round "8"]
[White "Avila Pavas, Santiago"]
[Black "Pichot, Alan"]
[Result "0-1"]
[WhiteElo "2056"]
[BlackElo "2577"]
[Annotator "TA"]
[PlyCount "90"]
[EventDate "2017.??.??"]
[EventType "swiss"]
[EventCountry "COL"]
[SourceTitle "playchess.com"]
[Source "ChessBase"]
[SourceQuality "1"]

{[%evp 9,90,18,8,9,37,38,34,27,23,23,41,-12,2,-8,2,0,2,-34,-12,-17,-4,-35,-31,-62,-51,-55,-39,-209,-198,-224,-237,-240,-235,-217,-108,-107,-97,-114,-120,-115,-108,-118,-102,-112,-93,-106,-87,-87,-84,-84,-60,-76,-4,-12,-4,-87,-62,-79,-71,-78,-78,-83,-77,-108,-77,-85,-93,-85,-17,-97,-89,-121,-117,-267,-265,-276,-273,-325,-340,-334,-318,-338,-314]} 1. d4 Nf6 2. Bf4 g6 3. e3 d6 4. Nf3 Nh5 5. Bg5 h6 6. Bh4 {A48: 1 d4 Nf6 2 Nf3 g6: Torre, London and Colle Systems} g5 7. Nfd2 (7. Bg3 Nd7 8. c4 Bg7 9. Nc3 Ndf6 10. Be2 c6 11. Qc2 a6 12. Nd2 Nxg3 13. hxg3 {0-1 (93) Bindrich,F (2590)-Kozul,Z (2613) Doha 2016}) 7... Ng7 8. Bg3 {White is slightly better.} Nf5 9. Bd3 h5 {aiming for ...h4.} 10. Bxf5 (10. Qf3 $14) 10... Bxf5 $11 11. h4 g4 12. Nc3 Bg7 13. O-O $146 ({Predecessor:} 13. Qe2) 13... Nd7 14. e4 Bg6 15. Nb3 e5 16. f4 gxf3 17. Rxf3 c6 18. Qd3 $2 {[#]} ({White should play} 18. d5 $15) 18... exd4 $1 $19 19. Nxd4 Qb6 20. Bf2 Ne5 21. Nf5 Bxf5 (21... Qxb2 $19 {is more deadly.} 22. Nxg7+ Ke7) 22. Bxb6 $17 Nxd3 23. Rxd3 axb6 24. exf5 d5 25. a3 Bf6 26. Re1+ Kf8 27. g3 Rg8 28. Kf2 Rg4 29. Nd1 Ra5 30. Rf3 Rb5 (30... Rd4 $17 {...Rd2+ is the strong threat.} 31. c3 Rd2+ 32. Ke3 Rg2) 31. b4 $11 Rc4 32. c3 {[#]} (32. Re2 $1 $11 {keeps the balance.}) 32... d4 $1 $17 {[%cal Rd4c3]} 33. cxd4 Bxd4+ 34. Kf1 Re5 35. Rxe5 Bxe5 {[%mdl 4096] Endgame KRB-KRN} 36. Kg2 Rc2+ 37. Rf2 Rc1 38. Rd2 c5 ({Black should try} 38... Ke7 $17) 39. Kf3 (39. Ne3 $11 {remains equal.}) 39... Ra1 40. bxc5 bxc5 41. Ne3 (41. Ke4 $17 Bxg3 42. f6) 41... Rxa3 $19 {Black has a decisive advantage.} 42. Ke4 Bd4 ({Don't take} 42... Bxg3 43. f6 $19) 43. Nd5 Rxg3 44. f6 {Now Ra2 and White clings on.} Rg1 45. Re2 Rf1 {Precision: White = 39%, Black = 61%.} 0-1

[Event "XII Americas Continental-ch 2017"]
[Site "Medellin"]
[Date "2017.06.16"]
[Round "9"]
[White "Iturrizaga Bonelli, Eduardo"]
[Black "Cori, Jorge"]
[Result "1/2-1/2"]
[WhiteElo "2663"]
[BlackElo "2618"]
[Annotator "TA"]
[PlyCount "60"]
[EventDate "2017.??.??"]
[EventType "swiss"]
[EventCountry "COL"]
[SourceTitle "playchess.com"]
[Source "ChessBase"]
[SourceQuality "1"]

{[%evp 11,60,9,29,29,33,21,34,37,26,26,35,37,29,30,43,38,36,21,53,37,56,50,45,47,75,65,80,47,172,160,152,41,52,0,0,0,60,23,14,0,0,-26,0,0,0,0,0,0,0,-28,0]} 1. d4 Nf6 2. c4 e6 3. g3 Bb4+ 4. Bd2 Qe7 5. Bg2 O-O 6. Nc3 d6 {LiveBook: 12 Games} (6... d5 $5) 7. e3 {E00: Catalan Bogo-Indian (3 g3 Bb4+)} (7. a3 Bxc3 8. Bxc3 e5 9. d5 a5 10. b4 Nbd7 11. Nf3 Ne4 12. Bb2 Nb6 13. Qc2 f5 14. O-O Bd7 {1-0 (46) Gelashvili,T (2605)-Khurtsidze,N (2443) Antakya 2010}) 7... e5 8. Nge2 exd4 9. Nxd4 {White is slightly better.} Bxc3 10. Bxc3 (10. bxc3 c5 $17) 10... Ne4 11. Qc2 Re8 12. O-O Nc6 13. b3 $146 ({Predecessor:} 13. Rfe1 Bd7 14. b3 Nxc3 15. Qxc3 {1-0 (45) Cioara,A (2465)-Nestorovic,D (2411) Paracin 2013}) 13... Bd7 14. Bb2 f5 15. Ne2 {[%cal Bd4e2,Be2f4,Bf4d5][%mdl 32]} Ne5 16. Nf4 Qf7 17. Nd5 ({Don't play} 17. Bxe4 fxe4 18. Bxe5 (18. Qxe4 $2 Bc6 $19) 18... Rxe5 $15) 17... Bc6 18. Rad1 {[%cal Ba1d1,Bd1d4,Bd4f4][%mdl 32]} a5 19. Rd4 ({Reject} 19. Bxe4 fxe4 20. Bxe5 Rxe5 $11) 19... Re6 (19... Rac8 $14) 20. f3 $18 (20. Bxe4 fxe4 21. f4 Nf3+ 22. Rxf3 exf3 $11) 20... Nc5 21. Rfd1 ({White should try} 21. e4 $16) 21... Rf8 22. Rf4 Ng6 23. Rfd4 Ne5 24. Qe2 Rfe8 25. Qd2 Rh6 26. Qf2 Ne6 (26... a4 $5 {[%cal Ra4b3]} 27. Qc2 Ne6 $15) 27. R4d2 $1 Qh5 28. h4 Qf7 29. Nf4 Nc5 30. Rd4 b6 {Precision: White = 41%, Black = 58%.} 1/2-1/2

[Event "XII Americas Continental-ch 2017"]
[Site "Medellin"]
[Date "2017.06.16"]
[Round "9"]
[White "Cordova, Emilio"]
[Black "Sevian, Samuel"]
[Result "1/2-1/2"]
[WhiteElo "2651"]
[BlackElo "2601"]
[Annotator "TA"]
[PlyCount "95"]
[EventDate "2017.??.??"]
[EventType "swiss"]
[EventCountry "COL"]
[SourceTitle "playchess.com"]
[Source "ChessBase"]
[SourceQuality "1"]

{[%evp 16,95,6,3,3,0,8,0,8,0,8,0,0,0,5,0,27,13,11,21,23,9,10,2,11,9,14,11,18,15,19,4,24,17,24,17,29,23,51,49,45,44,46,23,37,30,50,27,39,45,44,19,15,14,44,11,12,17,10,10,22,10,38,18,21,2,2,2,5,0,0,0,0,0,0,0,17,6,24,6,14,12]} 1. Nf3 d5 2. g3 Bg4 3. Bg2 e6 4. O-O Nf6 5. c4 c6 6. cxd5 Bxf3 7. Bxf3 cxd5 8. d4 Nc6 9. Nc3 Be7 {A11: English Opening: 1...c6} 10. e3 O-O 11. Bd2 Rc8 12. Rc1 Nd7 13. Qe2 (13. Ne2 Nb6 14. Nf4 Nc4 15. Bc3 Bb4 16. b3 Nb6 17. Bb2 {1-0 (55) Karjakin,S (2762)-Eljanov,P (2717) Baku 2015}) 13... Nb6 14. Rfd1 a6 15. Be1 Bf6 $146 ({Predecessor:} 15... f5) 16. Bg2 Rc7 17. Qc2 Qb8 18. Qb1 Rfc8 19. Ne2 {[%cal Bc3e2,Be2f4,Bf4d3,Bd3b4][%mdl 32]} Ne7 20. Nf4 Rxc1 21. Rxc1 Rxc1 22. Qxc1 Nc6 23. Bf1 Qc8 24. b3 Be7 25. Nd3 Nd7 26. a4 Na7 27. Qxc8+ Nxc8 28. f3 Na7 29. Nb4 Nb8 30. Kf2 Kf8 31. Bc3 Nac6 32. Nc2 Nd7 33. Bd3 g6 34. Ke2 h5 35. h3 Bd6 36. g4 hxg4 37. hxg4 Ke7 38. Be1 Kd8 39. Kd1 Kc7 40. g5 Be7 41. f4 Nb6 42. Bg3 Kd8 43. Ne1 Bb4 44. Bb1 Nc8 45. Nd3 Be7 46. Be1 Nd6 47. Nf2 Nf5 48. Ng4 {Precision: White = 39%, Black = 44%.} 1/2-1/2

[Event "XII Americas Continental-ch 2017"]
[Site "Medellin"]
[Date "2017.06.16"]
[Round "9"]
[White "Kovalyov, Anton"]
[Black "Erenburg, Sergey"]
[Result "1/2-1/2"]
[WhiteElo "2643"]
[BlackElo "2550"]
[Annotator "TA"]
[PlyCount "61"]
[EventDate "2017.??.??"]
[EventType "swiss"]
[EventCountry "COL"]
[SourceTitle "playchess.com"]
[Source "ChessBase"]
[SourceQuality "1"]

{[%evp 9,61,29,31,39,38,35,38,37,53,45,27,46,24,-1,8,18,22,29,27,-20,31,24,31,26,51,23,33,12,17,23,29,10,47,21,56,22,51,13,20,28,43,6,6,6,6,6,6,9,12,0,0,0,0,0]} 1. c4 c6 2. d4 d5 3. Nf3 {[%cal Bg1f3,Bf3h4,Bh4f5,Bf5g3][%mdl 32]} Nf6 4. e3 a6 5. Nbd2 Bf5 6. Nh4 {D11: Slav Defence: 3 Nf3 sidelines and 3...Nf6 4 e3 Bg4} Be4 7. Qb3 {f3 is the strong threat.} Ra7 8. Nxe4 {White is slightly better.} dxe4 $146 ({Predecessor:} 8... Nxe4 9. Nf3 e6 10. Bd3 f5 11. cxd5 cxd5 12. Qa4+ Qd7 13. Qxd7+ Nxd7 {1-0 (71) Lupulescu,C (2620)-Costachi,M (2460) Calimanesti Caciulata 2017}) 9. Nf5 e6 ({Reject} 9... Qa5+ $6 10. Bd2 $16) 10. Ng3 c5 11. dxc5 Nbd7 12. Qa4 Bxc5 13. Bd2 O-O 14. Bc3 Bd6 (14... b5 $11 15. Qc2 b4 16. Bxf6 Nxf6) 15. Qc2 $14 Be5 16. Be2 Qc7 17. O-O Raa8 18. Rfd1 Bxc3 19. Qxc3 a5 20. b3 Rfc8 21. Rac1 b6 22. a3 h6 23. b4 axb4 24. axb4 Ra4 25. Ra1 Rxa1 {The position is equal.} 26. Rxa1 Ne5 {[%cal Re5c4]} 27. Rc1 Rd8 28. h3 Nd3 29. Rd1 {[%cal Re2d3] [#]} Nd5 $1 {[%mdl 512]} 30. Qd2 (30. cxd5 Qxc3) 30... Nf6 31. Qc3 {Precision: White = 62%, Black = 56%.} 1/2-1/2

[Event "XII Americas Continental-ch 2017"]
[Site "Medellin"]
[Date "2017.06.16"]
[Round "9"]
[White "Delgado Ramirez, Neuris"]
[Black "Zapata, Alonso"]
[Result "1-0"]
[WhiteElo "2613"]
[BlackElo "2420"]
[Annotator "TA"]
[PlyCount "113"]
[EventDate "2017.??.??"]
[EventType "swiss"]
[EventCountry "COL"]
[SourceTitle "playchess.com"]
[Source "ChessBase"]
[SourceQuality "1"]

{[%evp 10,113,16,22,33,23,26,18,35,28,47,41,52,19,27,24,47,27,32,33,26,14,20,13,27,27,33,37,42,42,40,39,50,42,42,40,42,42,43,45,291,270,287,278,274,282,287,268,277,279,253,243,243,241,274,287,278,280,267,256,277,268,262,258,301,301,308,304,318,301,304,288,319,330,331,290,290,286,289,298,320,321,318,302,347,345,345,342,350,346,347,329,331,322,322,322,508,427,432,417,431,429,424,416,532,506]} 1. e4 c5 2. Nf3 e6 3. d4 cxd4 4. Nxd4 a6 5. g3 d5 6. Nb3 {LiveBook: 3 Games. B41: Sicilian: Kan Variation: 5 c4} Nf6 7. exd5 exd5 8. Bg2 $146 {White has an edge.} ({Predecessor:} 8. h3 Bb4+ 9. c3 Bd6 10. Qe2+ Be6 11. Be3 O-O 12. N1d2 Re8 13. Bg2 Nc6 14. Nf3 Qc8 15. g4 Ne4 16. Qd3 Qc7 17. O-O Rad8 18. Nbd4 Bc8 19. Rad1 Ne7 20. Ng5 {½-½ (20) Romero Holmes,A (2518)-Gonzalez de la Torre,S (2405) Sestao 2010}) 8... Nc6 9. O-O Be7 10. Nc3 {[%cal Rc3d5,Bb1c3,Bc3a4,Ba4c5][%mdl 32]} Be6 11. Be3 O-O 12. Na4 Ne5 13. Nac5 Bg4 14. f3 Bc8 15. Nd3 Nc4 16. Bf2 Bf5 17. Nd4 Bg6 18. b3 Na3 19. Qd2 $36 {[%mdl 2048] White has some pressure.} Qc7 20. c3 Bd6 21. Nf4 Rfe8 22. Rfe1 Rxe1+ 23. Rxe1 Nb1 24. Qe3 Nxc3 $2 ({Better is} 24... Na3 $1 $14) 25. Nxg6 hxg6 26. Rc1 Bb4 {[#]} 27. a3 $1 {[%cal Ra3b4][%mdl 512]} Re8 (27... Bxa3 28. Qxc3) 28. Qd3 Bxa3 29. Qxc3 Qd7 30. Rd1 Rc8 31. Qd3 Bb4 32. Nc2 Bc5 33. Bxc5 Rxc5 34. Ne3 Qc7 35. Qd4 Rb5 36. b4 Qe7 37. Nc2 Qc7 38. Rd2 Rb6 39. Bf1 Re6 40. Kf2 Qe7 41. Ne3 Rc6 42. Rc2 (42. Nxd5 Nxd5 43. Qxd5 Qxb4 $18) 42... Rxc2+ 43. Nxc2 Qc7 44. Ne3 Qc1 45. h4 ({Don't take} 45. Nxd5 Nxd5 46. Qxd5 Qb2+ 47. Be2 Qxb4 $18) 45... Qc6 46. Be2 Qe6 47. Ng2 Qc6 48. Nf4 Qd6 49. Kg2 Qc6 50. g4 Qc2 51. Kf2 Qc7 52. Bd3 ({But not} 52. Nxd5 $6 Qh2+ 53. Ke1 Qxh4+ 54. Kd1 Qg5 $18) 52... Qc1 (52... Ne4+ $142 53. Bxe4 dxe4) 53. Nxd5 Qd2+ 54. Kf1 Qd1+ 55. Kg2 {[#] Black must now prevent Ne7+.} Qd2+ 56. Kh3 {Strongly threatening Ne7+.} Nxd5 57. Qxd5 {Precision: White = 83%, Black = 62%.} 1-0

[Event "XII Americas Continental-ch 2017"]
[Site "Medellin"]
[Date "2017.06.16"]
[Round "9"]
[White "Pichot, Alan"]
[Black "Panesso Rivera, Henry"]
[Result "1-0"]
[WhiteElo "2577"]
[BlackElo "2421"]
[Annotator "TA"]
[PlyCount "57"]
[EventDate "2017.??.??"]
[EventType "swiss"]
[EventCountry "COL"]
[SourceTitle "playchess.com"]
[Source "ChessBase"]
[SourceQuality "1"]

{[%evp 12,57,25,27,43,46,48,35,35,29,42,41,38,-10,-10,-5,-5,-8,0,18,75,68,75,64,56,64,105,88,91,89,133,129,139,134,373,280,295,299,281,283,289,291,393,390,381,392,381,378]} 1. e4 g6 2. d4 Bg7 3. Nf3 d6 4. Bc4 Nf6 5. Qe2 O-O 6. O-O Bg4 7. Rd1 {LiveBook: 8 Games. B06: Modern Defence} (7. h3 Bxf3 8. Qxf3 Nc6 9. c3 e5 10. Rd1 Nd7 11. Be3 Qe7 12. Na3 Nb6 13. Bb5 f5 14. Bxc6 bxc6 15. exf5 e4 16. f6 Rxf6 {0-1 (61) Bacrot,E (2718)-Ponomariov,R (2714) Beijing 2014}) 7... d5 8. exd5 Nxd5 9. Qe4 $146 {White is slightly better.} ({Predecessor:} 9. h3 Bxf3 10. Qxf3 e6 11. c3 c6 12. Nd2 Nd7 13. Bb3 N7f6 {0-1 (71) Strobel,M-Unger,M Germany 1990}) 9... Bxf3 10. Qxf3 c6 11. Bb3 a5 12. c4 a4 13. cxd5 {[#] Bc4 is the strong threat.} axb3 14. Qxb3 Qxd5 15. Qxb7 Ra4 (15... Na6 $11 {keeps the balance.}) 16. Nc3 $36 {[%mdl 2048] White is more active.} Rxd4 17. Be3 (17. Nxd5 $2 {gets mated.} Rxd1#) 17... Qd7 18. Qb6 Rd3 19. Rxd3 Qxd3 20. Rd1 Qc4 21. Rd8 Na6 22. h3 Nb4 $2 (22... f5 $16 {might work better.}) 23. Qb8 {[#] White wants to mate with Rxf8+.} Na6 24. Qc8 {Rxf8+ would kill now.} Nc5 25. Rxf8+ Bxf8 26. Qxc6 e5 27. Nd5 {White is winning.} Qc2 28. Nf6+ Kg7 29. Ng4 {Precision: White = 73%, Black = 38%.} 1-0

[Event "XII Americas Continental-ch 2017"]
[Site "Medellin"]
[Date "2017.06.16"]
[Round "9"]
[White "Peralta, Fernando"]
[Black "Fernandez, Fernando"]
[Result "1/2-1/2"]
[WhiteElo "2569"]
[BlackElo "2416"]
[Annotator "TA"]
[PlyCount "140"]
[EventDate "2017.??.??"]
[EventType "swiss"]
[EventCountry "COL"]
[SourceTitle "playchess.com"]
[Source "ChessBase"]
[SourceQuality "1"]

{[%evp 32,140,30,33,30,30,35,33,117,33,37,24,21,21,43,71,48,60,41,50,92,77,81,87,81,22,19,25,37,0,0,0,0,0,46,9,138,149,260,278,276,268,256,246,227,188,733,732,905,391,357,286,296,296,335,127,525,374,323,272,324,8,8,-8,-8,-315,-273,-220,0,0,0,-193,-193,-193,-193,-193,-193,-193,-193,-193,-193,-193,-193,-193,-193,-220,-193,-193,-193,-220,-220,-220,-220,-220,-220,-220,-220,-220,0,-220,-220,-220,-220,-220,-220,-220,0,-220,-216,-216,0]} 1. d4 Nf6 2. c4 e6 3. Nf3 d5 4. Nc3 Bb4 5. cxd5 exd5 6. Bg5 Nbd7 7. e3 c5 8. Bd3 Qa5 9. Qc2 c4 10. Bf5 O-O 11. O-O Re8 12. Nd2 g6 13. Bxd7 Nxd7 14. f3 f6 {D38: Queen's Gambit Declined: Ragozin Defence (4 Nf3 Bb4)} (14... Bf8 15. a3 Nb6 16. b4 cxb3 17. Nxb3 Qa6 18. Nc5 Qc4 19. Rfc1 h6 20. Bf6 Nd7 21. Nxd7 Bxd7 22. Be5 {½-½ (35) Jankovic,A (2591)-Alekseev,E (2632) Tallinn 2016}) 15. Bh6 Bxc3 16. bxc3 Nb6 {[%cal Bd7b6,Bb6a4,Ba4b2][%mdl 32]} 17. e4 {LiveBook: 3 Games} Bd7 18. Rae1 $146 ({Predecessor:} 18. Bf4 Qa4 19. Qb2 Bc6 20. Bc7 Nd7 {1-0 (37) Pjevovic,B (2265)-Vasiljevic,D (2302) Belgrade 2005}) 18... Re6 19. Re3 Qa3 ({Black should play} 19... Rae8 $14) 20. Rfe1 (20. f4 $1 $16) 20... Rae8 $14 21. Nf1 Na4 22. h4 Qb2 23. Qxb2 Nxb2 24. Rb1 Rb6 $1 25. exd5 Kf7 26. Rxe8 Kxe8 27. Nd2 Bf5 28. Ne4 (28. Re1+ $16 Kf7 29. Kh2) 28... Bxe4 $1 $11 29. fxe4 {[%mdl 4096] Endgame KRB-KRN} Na4 $1 30. Rc1 Rb2 31. Bg7 Kf7 32. Bh8 Nb6 33. a4 Nd7 (33... Nxa4 $11 {keeps the balance.} 34. e5 f5) 34. e5 $16 Nb6 (34... fxe5 $16 35. dxe5 (35. Bxe5 Nb6 $11) 35... Nb6) 35. d6 $1 $18 ({Stronger than} 35. Bxf6 Nxd5 36. Bg5 Ke6 $11) 35... fxe5 36. Rf1+ $1 ({Weaker is} 36. Bxe5 Nd5 $11) 36... Ke8 37. dxe5 Rd2 38. Rb1 {Black must now prevent a5.} Nxa4 $2 (38... Rd5 39. e6 Rxd6) 39. Rxb7 Nxc3 40. Rxa7 (40. Bf6 $142 {Intending e6 and mate.} Ne2+ 41. Kf1) 40... Ne4 41. Ra4 ({Not} 41. Rxh7 c3 $18) 41... Rd1+ 42. Kh2 Nd2 43. Kh3 $2 (43. Kg3 $18) 43... h5 $2 {[%mdl 8192]} (43... Nf1 $16) 44. g4 {White threatens e6 and mate.} Nf1 {aiming for ...Rd2.} 45. Kg2 c3 {...c2 is the strong threat.} 46. gxh5 $2 (46. Bf6 $1 $18 {e6 would kill now.} Ne3+ 47. Kf3 hxg4+ 48. Kxe3) 46... c2 $132 {[%mdl 2048] Black has counterplay} 47. Ra8+ Kd7 48. Ra7+ $2 {[%mdl 8192]} (48. e6+ $1 $11 Kxe6 49. Bb2 gxh5 50. Kf2) 48... Ke6 $19 49. Re7+ {[#]} Kf5 $2 ({Black should try} 49... Kd5 $1 $19 50. Rc7 Ne3+ 51. Kg3 gxh5) 50. Rc7 $1 $11 {Strongly threatening hxg6.} gxh5 51. Kf2 $2 (51. Bf6 $11 {and White is okay.}) 51... c1=Q $19 52. Rxc1 Rxc1 53. d7 Rd1 54. Bf6 Rxd7 55. Kxf1 {[#] KR-KB} Rd2 $1 56. Ke1 Rc2 57. Kd1 Rg2 58. Kc1 Ke6 59. Kd1 Kd5 60. Kc1 Rf2 61. Kd1 Ke4 62. Kc1 Kd3 63. Bg5 Kc3 {[%cal Rf2f1]} 64. Kd1 Kd3 {[%cal Rf2f1]} 65. Kc1 Re2 66. Bf6 Re4 67. Kb2 Rb4+ 68. Kc1 Re4 69. Kb2 $1 Re1 70. Bg7 Re4 $2 {Precision: White = 52%, Black = 53%.} (70... Re2+ $19 71. Kb3 Kd4) 1/2-1/2

[Event "XII Americas Continental-ch 2017"]
[Site "Medellin"]
[Date "2017.06.16"]
[Round "9"]
[White "Cruz, Cristhian"]
[Black "Sanchez, Sebastian Felipe"]
[Result "1/2-1/2"]
[WhiteElo "2558"]
[BlackElo "2388"]
[Annotator "TA"]
[PlyCount "46"]
[EventDate "2017.??.??"]
[EventType "swiss"]
[EventCountry "COL"]
[SourceTitle "playchess.com"]
[Source "ChessBase"]
[SourceQuality "1"]

{[%evp 18,46,13,0,9,17,10,11,6,0,24,0,0,0,0,-22,-18,-16,0,-37,-33,-40,-39,-42,-31,-34,-34,-62,-64,-43,18]} 1. d4 Nf6 2. c4 e6 3. Nf3 d5 4. Nc3 Bb4 5. e3 O-O 6. Bd3 c5 7. O-O Nc6 8. a3 Ba5 9. h3 dxc4 {E56: Nimzo-Indian: Rubinstein: Main Line: 7...Nc6} (9... Re8 10. cxd5 exd5 11. dxc5 Bxc3 12. bxc3 Qa5 13. Rb1 Qxc5 14. Rb5 Qe7 15. c4 a6 16. Rxd5 Nxd5 17. cxd5 Ne5 18. Nxe5 Qxe5 {1-0 (39) Wang,H (2732)-Hou,Y (2612) Danzhou 2011}) 10. Bxc4 {LiveBook: 26 Games} cxd4 11. exd4 h6 {The position is equal.} 12. Be3 Bd7 $146 ({Predecessor:} 12... Bc7 13. Rc1 Bd7 14. b4 Ne7 15. Ne5 Ned5 16. Qe2 Bc6 17. Nxc6 bxc6 18. Nxd5 Nxd5 19. Bxd5 cxd5 {1-0 (44) Lutsko,I (2335)-Travkina,A (2161) Voronezh 2012}) 13. Rc1 (13. b4 $5 {[%cal Rb4a5]} Bb6 14. d5 exd5 15. Bxb6 (15. Nxd5 Nxd5 16. Bxd5 Bxe3 $11) 15... axb6 16. Nxd5 $11) 13... Rc8 14. Ba2 Ne7 {[%cal Bc6e7,Be7d5,Bd5c3][%mdl 32]} 15. Bb1 Bc6 16. b4 Bb6 17. Ne5 Ned5 18. Ne2 Bb5 {Black is slightly better.} 19. Rxc8 Qxc8 20. Qd2 Bxe2 21. Qxe2 Nc3 22. Qf3 Nxb1 23. Rxb1 Qc2 {Precision: White = 31%, Black = 64%.} (23... Qc3 $15) 1/2-1/2

[Event "XII Americas Continental-ch 2017"]
[Site "Medellin"]
[Date "2017.06.16"]
[Round "9"]
[White "Bacallao Alonso, Yusnel"]
[Black "Pulvett Marin, Daniel"]
[Result "1-0"]
[WhiteElo "2554"]
[BlackElo "2437"]
[Annotator "TA"]
[PlyCount "98"]
[EventDate "2017.??.??"]
[EventType "swiss"]
[EventCountry "COL"]
[SourceTitle "playchess.com"]
[Source "ChessBase"]
[SourceQuality "1"]

{[%evp 15,98,-5,-8,-6,0,-8,32,0,0,3,18,14,17,0,29,29,35,32,75,20,20,16,21,18,16,20,24,25,67,11,127,134,335,336,329,328,328,329,329,329,326,326,326,326,326,326,314,48,53,56,64,43,46,43,53,57,59,41,112,85,112,112,104,105,103,100,93,100,110,109,134,135,155,152,149,141,231,233,241,243,243,242,517,500,488]} 1. d4 Nf6 2. c4 e6 3. Nf3 Bb4+ 4. Nbd2 O-O 5. g3 c5 6. Bg2 cxd4 7. Nxd4 Nc6 8. Nc2 Be7 9. O-O {E00: Catalan Bogo-Indian (3 g3 Bb4+)} d5 (9... b6 10. b4 Bb7 11. Bb2 d5 12. a3 dxc4 13. Nxc4 Qc7 14. Rc1 Rad8 15. Qe1 b5 16. Nd2 Qb8 {1-0 (38) Le,Q (2676)-Margvelashvili,G (2531) New York 2015}) 10. b3 b6 $146 ({Predecessor:} 10... Qc7 11. Bb2 Rd8 12. Qe1 e5 13. Rc1 {0-1 (30) Vrsek,I (2248)-Srbis,J (2264) Zagreb 2012}) 11. Bb2 {White is slightly better.} Ba6 12. Ne3 dxc4 13. Ndxc4 Rc8 14. Rc1 Bc5 15. a3 Qxd1 16. Rfxd1 Rfd8 17. Rxd8+ ({Better is} 17. Bxc6 $1 $16 Rxd1+ 18. Rxd1 Rxc6 19. Rd8+ Bf8 20. Ra8) 17... Nxd8 $11 18. Kf1 Kf8 19. Rd1 Ke7 20. b4 Bxe3 21. Nxe3 Ne8 22. Ke1 (22. a4 $14 Bb7 23. f3) 22... f6 (22... Bb5 $11) 23. a4 $1 $36 {[%mdl 2048] Black must now prevent b5. Keeping Black busy.} Bc4 $2 (23... b5 $16 {is a better defense.}) 24. b5 $1 $18 Nd6 25. Ba3 N8f7 26. Bb7 Rc7 27. Bc6 Bb3 28. Rd3 Ba2 29. Rd2 Bb3 30. Rb2 Bxa4 {[#] and if ...a6! works, Black does fine.} 31. Rb4 $2 (31. Nc4 $1 $18) 31... Rxc6 $14 32. bxc6 Bxc6 33. Rg4 g5 34. Rd4 {[%mdl 1024] And now Nc4 would win. White has compensation.} b5 35. Bb4 Kd7 36. Ng4 e5 {[#]} (36... f5 $14 37. Nf6+ Kc7) 37. Rd1 $1 $16 Ke6 38. Ra1 f5 39. Ne3 f4 40. Nc2 Be4 41. Kd1 Nc8 42. Bc5 Kd5 43. Bxa7 Kc4 44. f3 Bg6 45. Bf2 Kb3 (45... Ncd6 $16 {was necessary.} 46. Ra3 e4) 46. Rb1+ $18 Kc3 47. Be1+ Kc4 48. Na3+ Kc5 $2 (48... Kd5 {was called for.}) 49. Rc1+ Kd5 {Precision: White = 72%, Black = 33%.} 1-0

[Event "XII Americas Continental-ch 2017"]
[Site "Medellin"]
[Date "2017.06.16"]
[Round "9"]
[White "Vasquez Schroeder, Rodrigo"]
[Black "Ynojosa Aponte, Felix Jose"]
[Result "0-1"]
[WhiteElo "2553"]
[BlackElo "2395"]
[Annotator "TA"]
[PlyCount "74"]
[EventDate "2017.??.??"]
[EventType "swiss"]
[EventCountry "COL"]
[SourceTitle "playchess.com"]
[Source "ChessBase"]
[SourceQuality "1"]

{[%evp 11,74,29,29,25,43,26,26,26,26,26,26,26,29,14,20,0,54,0,8,-4,-19,-69,-56,-58,-61,-55,-64,-110,-100,-97,-94,-94,-27,-120,-110,-180,-162,-178,-168,-197,-198,-192,-198,-237,-132,-177,-159,-164,-168,-242,-230,-210,-222,-281,-266,-292,-291,-354,-383,-1424,-1454,-12829,-5708,-29991,-29992]} 1. e4 c5 2. Nf3 Nc6 3. Bb5 e6 4. O-O Nge7 5. d4 cxd4 6. Nxd4 Qb6 7. Nxc6 {B30: Sicilian: 2...Nc6 3 Bb5, lines without ...g6} bxc6 8. Bd3 Ng6 9. c4 {[%cal Bc2c4,Bc4c5][%mdl 32] White has an edge.} Bc5 10. Nc3 Qc7 11. Na4 $146 ({Predecessor:} 11. Rb1 Rb8 12. a3 d6 13. b4 Bb6 14. Kh1 e5 {1-0 (43) Shirov,A (2702)-Kuzubov,Y (2639) Kishinev 2014}) 11... Bd4 12. c5 O-O 13. Kh1 e5 (13... d6 $11) 14. Bc4 (14. Be3 $1 $14) 14... d6 15. f4 Be6 ({Don't play} 15... dxc5 $6 16. f5 $16) 16. Qd3 Bxc4 17. Qxc4 {[#]} d5 $1 {[%mdl 512]} 18. exd5 cxd5 19. Qd3 Qc6 $36 {[%mdl 2048] Black is on the roll.} 20. Qd1 f6 21. Bd2 e4 (21... Rfe8 $17 22. a3 Rab8) 22. Bc3 (22. Ba5 $1 $11 {keeps the balance.} Be3 23. Qb3) 22... Be3 $17 ({Inferior is} 22... Bxc5 23. Rc1 $11) 23. g3 (23. Bd4 $17 Bxf4 24. Nc3) 23... Rab8 ({And not} 23... Bxc5 24. Rc1 $11) 24. Bd4 Bxd4 25. Qxd4 Ne7 26. f5 Rfd8 27. Rad1 Qb7 ({Better is} 27... Qe8 $19 {And now ...Nc6 would win.} 28. Rf4 Nc6) 28. b3 Nc6 29. Qe3 Qe7 30. Qf4 (30. Rf4 {might work better.}) 30... d4 31. Rfe1 e3 32. Kg2 g6 33. fxg6 hxg6 34. Nb2 Ne5 {[#] aiming for ...Qb7+.} 35. Rxd4 $2 (35. Kg1 Qxc5 36. Nd3 Nxd3 37. Rxd3) 35... Rxd4 $19 36. Qxd4 Qb7+ 37. Kh3 Kg7 {Precision: White = 35%, Black = 72%.} 0-1